000 00575nam a2200181 i 4500
001 23868
003 ES-MaACL
005 20230906152941.0
007 t|
008 021213s1956 sp ||||1| fre d
100 1 _aAniceto, Joaquín.
_921799
245 1 0 _aNos martyrs /
_cpar le frère Joaquín Aniceto.
250 _a[3ª ed.].
260 _aMadrid :
_b[s.n.,
_c1956] (
_fImp. L'Ecole Professionelle du Sacré Coeur de Jesús)
300 _a126 p., 10 lám. :
_b1 gráf. pleg. ;
_c21 cm.
852 _aES-MaACL
_jC-11578
_bR.39465
852 _aES-MaACL
_jC-11851
_bR.39922
999 _c23868
_d23868